| 000 | 01770nam a2200241Ia 4500 | ||
|---|---|---|---|
| 003 | Ost | ||
| 005 | 20260416102351.0 | ||
| 008 | 260416s9999||||xx |||||||||||||| ||und|| | ||
| 040 | _cfsecg | ||
| 041 | _aara | ||
| 082 | _a332.46 | ||
| 100 |
_aبلاغ، سامية _eمؤلف |
||
| 245 | 0 |
_a النظام المصرفي الجزائري / _c سامية بلاغ |
|
| 260 |
_aالجزائر _bجامعة الجزائر3: كلية العلوم الإقتصادية، العلوم التجارية وعلوم التسيير _c2016 |
||
| 300 |
_a75 ورقة _bايضاحات _c30 سم |
||
| 504 | _aمراجع ص.71 | ||
| 520 | _aتطور هيكل النظام المصرفي الجزائري: لمحة تاريخية على النظام المصرفي الجزائري قبل الاستقلال، مرحلة تكوين النظام المصرفي الجزائري (1962-1985)، اعادة تنظيم هيكل النظام المصرفي على ضوء قانون(90-10) المتعلق بالنقد والقرض، هيئات الرقابة على النظام المصرفي الجزائري، الاصلاحات الأساسية للنظام المصرفي الجزائري: خطوات الاصلاح المصرفي، اهم الاصلاحات التي مر بها النظام المصرفي الجزائري، القواعد الاحترازية المطبقة على النظام المصرفي الجزائري، حكومة المظام المصرفي الجزائري | ||
| 653 | _aالبنوك | ||
| 653 | _aالبنوك-الجزائر | ||
| 653 | _aالنظام النقدي | ||
| 710 |
_aجامعة الجزائر3: كلية العلوم الإقتصادية، العلوم التجارية وعلوم التسيير _eناشر علمي |
||
| 942 | _cHANDOUT | ||
| 999 |
_c41007 _d41007 |
||